|
|
|
|
| LEADER |
01424pam a22003738a 4500 |
| 001 |
00034685 |
| 005 |
20171026081025.0 |
| 008 |
161018s2014 ||||||Viesd |
| 020 |
# |
# |
|c 21000
|a 978 604 0 03820 3
|
| 041 |
0 |
# |
|a Vie
|
| 082 |
1 |
4 |
|a 531.076
|b B103T
|
| 245 |
1 |
0 |
|a Bài tập vật lý đại cương
|c Lương Duyên Bình; Nguyễn Hứu Hồ; Lê văn Nghĩa; Nguyễn Tụng
|b biên soạn theo chương trình của bộ GD và ĐT ban hành năm 1990 dùng cho các trường ĐH các khối Công nghiệp , công trình, thủy lợi , giao thông vận tải
|n Tập 1: Cơ Nhiệt
|
| 250 |
# |
# |
|a Tái bản lần thứ 12
|
| 260 |
# |
# |
|a Hà Nội
|b Giáo dục
|c 2014
|
| 300 |
# |
# |
|a 198 tr.
|c 20.5 cm.
|
| 653 |
# |
# |
|a Vật lí
|
| 653 |
# |
# |
|a Cơ học
|
| 653 |
# |
# |
|a Bài tập
|
| 653 |
# |
# |
|a nhiệt học
|
| 653 |
# |
# |
|a Động lực học
|
| 700 |
1 |
# |
|a Lê, Văn Nghĩa
|
| 700 |
1 |
# |
|a Lương, Duyên Bình
|e Chủ biên
|
| 700 |
1 |
# |
|a Nguyễn, Hữu Hồ
|
| 700 |
1 |
# |
|a Nguyễn, Tùng
|
| 852 |
# |
# |
|b Kho mượn
|j KM.0019099, KM.0019100
|
| 852 |
# |
# |
|b Kho đọc
|j KD.0018575
|
| 852 |
# |
# |
|j KM.0019100
|j KD.0018575
|j KM.0019099
|
| 910 |
|
|
|d 18/10/2016
|
| 980 |
# |
# |
|a Trung tâm Học liệu Lê Vũ Hùng, Trường Đại học Đồng Tháp
|